00425nam a2200145Ia 4500008004100000082001300041082000800054245007200062245000800134260000800142300000900150942000800159999001900167952009300186231017s9999 xx 000 0 und d a624.1834 bDOU 0aProperties of self-consolidating concrete containing type F Fly Ash 0cPCA bPCA c30cm cREP c605753d605753 00104070aNITbNITd2023-10-17l0o624.1834 DOUpNIT-2919r2023-10-17w2023-10-17yREP